British Meals #2 - Statistics

General Stats
  • This quiz has been taken 289 times
    272 since last reset
  • The average score is 9 of 10
Answer Stats
Question Answer % Correct
What is the traditional breakfast? English Breakfast
100%
What does the answer to the question before consist of? eggs, bacon, sausages, fried bread, baked beans and mushroom
98%
What is a typical British meal for dinner? meat and 2 vegatables
94%
What do kids at school and adults at work have for lunch? Pack Lunch
94%
What does the answer of the question before consist of? Sandwich, fruit, crisps and drink
94%
What is the average lunch time in England? 12.00-1.30
91%
What meal is had at Sunday lunch? Roast
91%
What is the average breakfast time in England? 7.00- 9.00
75%
A recent survey found out that the majority of British people like.... Curry
64%
What is the average dinner time in England? 6.30-8.00
53%
No matching quizzes found
Score Distribution
Percent of People with Each Score
Percentile by Number Answered
Your Score History
You have not taken this quiz since the last reset